Vzájomné prepojenie prírodných a spoločenských vied: stručné porovnanie výrobného podniku a bunky
Prepojenie ekonómie a prírodných vied. Fyzika, chémia, biológia nadradené spoločenským vedám. Porovnanie výrobného podniku a bunky.
Guardado en:
| Autor principal: | |
|---|---|
| Formato: | Capítulo de libro |
| Lenguaje: | eslovaco |
| Materias: | |
| Etiquetas: |
Sin Etiquetas, Sea el primero en etiquetar este registro!
|
MARC
| LEADER | 00000naa$a2200000$$$4500 | ||
|---|---|---|---|
| 001 | 0211544 | ||
| 005 | 20240502083529.6 | ||
| 041 | 0 | |a slo | |
| 044 | |a PL | ||
| 245 | 1 | 0 | |a Vzájomné prepojenie prírodných a spoločenských vied: stručné porovnanie výrobného podniku a bunky |c Marián Vongrej |
| 520 | |a Prepojenie ekonómie a prírodných vied. Fyzika, chémia, biológia nadradené spoločenským vedám. Porovnanie výrobného podniku a bunky. | ||
| 610 | 2 | 0 | |a vedy prírodné |
| 610 | 2 | 0 | |a vedy spoločenské |
| 610 | 2 | 0 | |a podnik výrobný |
| 610 | 2 | 0 | |a výroba |
| 100 | 1 | |a Vongrej, Marián | |